|
|
|
|
| LEADER |
01576nam a2200421 a 4500 |
| 001 |
nkc20132502731 |
| 003 |
CZ PrNK |
| 005 |
20140124135221.0 |
| 007 |
ta |
| 008 |
131003s2013 xr f 001 0 cze |
| 015 |
|
|
|a cnb002502731
|
| 020 |
|
|
|a 978-80-7478-045-5
|q (brož.)
|
| 035 |
|
|
|a (OCoLC)864848981
|
| 040 |
|
|
|a ABA001
|b cze
|d OLA001
|
| 041 |
0 |
|
|a cze
|b eng
|
| 043 |
|
|
|a e-xr---
|
| 072 |
|
7 |
|a 336.1/.5
|x Veřejné finance
|2 Konspekt
|9 4
|
| 080 |
|
|
|a 336.2
|2 MRF
|
| 080 |
|
|
|a (437.3)
|2 MRF
|
| 080 |
|
|
|a (048.8)
|2 MRF
|
| 100 |
1 |
|
|a Boháč, Radim,
|d 1979-
|7 pna2005261853
|4 aut
|
| 245 |
1 |
0 |
|a Daňové příjmy veřejných rozpočtů v České republice /
|c Radim Boháč
|
| 260 |
|
|
|a Praha :
|b Wolters Kluwer Česká republika,
|c 2013
|
| 300 |
|
|
|a 329 s. ;
|c 24 cm
|
| 504 |
|
|
|a Obsahuje bibliografii, bibliografické odkazy a rejstřík
|
| 546 |
|
|
|a Anglické resumé
|
| 650 |
0 |
7 |
|a veřejné příjmy
|7 ph785501
|z Česko
|2 czenas
|
| 650 |
0 |
9 |
|a public revenue
|z Czechia
|2 eczenas
|
| 655 |
|
7 |
|a monografie
|7 fd132842
|2 czenas
|
| 655 |
|
9 |
|a monographs
|2 eczenas
|
| 910 |
2 |
|
|a BOA001
|b 2-1311.714
|
| 928 |
9 |
|
|a Wolters Kluwer ČR
|
| 990 |
|
|
|a BK
|
| 995 |
|
|
|a 01
|
| 991 |
|
|
|b 201311
|c NOV
|e n
|
| 996 |
6 |
|
|b 2610567873
|c 2-1311.714
|l MZK
|r Sklad / do 1 hodiny
|n 11
|p p.v. ; nelze digi.
|w 001376004
|u 000010
|a 1
|e BOA001
|j MZK50
|s P
|
| 996 |
6 |
|
|b 2610573112
|c 2-1311.714
|l MZK
|r HSS 4p
|n 0
|p kup ; nelze digi.
|h 336.2 BOH
|w 001376004
|u 000020
|a 0
|e BOA001
|j MZK50
|s P
|
| 996 |
7 |
|
|b 2610573113
|c 2-1311.714
|l MZK
|r Sklad / do 1 hodiny
|n 37
|p kup ; nelze digi.
|w 001376004
|u 000030
|a 1
|e BOA001
|j MZK50
|s A
|